4-Letter Words That End in 'O' Quiz Stats

Quiz Updated Nov 8, 2017

Also try: Ends in 'TH'
Challenge
Share
Tweet
Embed
Score 0/26 Timer 03:00
2 Plays Today
Hint Word % Correct
One thousand gramsKilo
96.2%
Angel's headpieceHalo
95.8%
U.S. stateOhio
94.9%
With 'Bell,' a Mexican fast food restaurantTaco
94.8%
23 -10 -13 =Zero
94.5%
Written proposal or reminderMemo
94.4%
Company emblem or deviceLogo
94%
Basic unit of money in MexicoPeso
93.6%
Stringed toyYoyo
92.7%
Type of martial artJudo
92.4%
Without anybody else or anything elseSolo
92.2%
Projectiles to be fired from a gunAmmo
91.9%
One who drinks excessive grape-derived alcoholWino
91.3%
Hint Word % Correct
Extinct heavy flightless bird of MauritiusDodo
91.1%
Unfasten, untie, or loosen (something)Undo
90%
Generic name for a pet dogFido
89.5%
Roman EmperorNero
89.3%
Nevada city famous for its casinosReno
88.4%
Refuse to endorseVeto
88.4%
Informal Italian salutationCiao
86.2%
Greek dish of roasted meat in pita breadGyro
76.1%
Relating to a foreigner or foreignersXeno
73.6%
Villain in Shakespeare's play OthelloIago
69.7%
Nymph who was spurned by NarcissusEcho
36.4%
Type of ballpoint penBiro
36%
Portuguese for 'How' (to what degree)Quão
31.5%

You're not logged in!

Compare scores with friends on all Sporcle quizzes.
Sign Up with Email
OR
Log In

You Might Also Like...

Show Comments

Extras

Top Quizzes Today


Score Distribution

Your Account Isn't Verified!

In order to create a playlist on Sporcle, you need to verify the email address you used during registration. Go to your Sporcle Settings to finish the process.

Report this User

Report this user for behavior that violates our Community Guidelines.

Details: